Manual del Cafetero Colombiano: (Registro nro. 19783)
[ vista simple ]
| 000 -CABECERA | |
|---|---|
| Campo de control | 01354nam a22003737a 4500 |
| 005 - FECHA Y HORA DE LA ULTIMA TRANSACCION | |
| Campo de control | 20170829104805.0 |
| 008 - ELEMENTOS DE LONGITUD FIJA—INFORMACION GENERAL | |
| Campo de control | 170829b2013 ck ||||| |||| 00| 0 spa d |
| 020 ## - ISBN | |
| ISBN | 9789588490144 |
| 040 ## - FUENTE DE CATALOGACIÓN | |
| Agencia catalogadora original | CO-BoIAVH |
| Agencia transcriptora | CO-BoIAVH |
| 041 ## - IDIOMA | |
| Código de idioma para texto/pista de sonido o título separado | Español |
| 044 ## - PAÍS DE PUBLICACIÓN | |
| País de publicación | Colombia |
| 082 ## - NUMERO DE CLASIFICACION DECIMAL DEWEY | |
| Número de clasificación | 633.73 |
| Número del ítem | C39m |
| 110 2# - ASIENTO PRINCIPAL--NOMBRE CORPORATIVO | |
| Nombre corporativo o de jurisdicción como elemento de entrada | Cenicafe |
| 9 (RLIN) | 11211 |
| 245 10 - MENCION DE TITULO | |
| Título | Manual del Cafetero Colombiano: |
| Parte restante del título | investigación y tecnología para la sostenibilidad de la cafitultura |
| 260 ## - PUBLICACION, DISTRIBUCION, ETC. (PIE DE IMPRENTA) | |
| Lugar de publicación, distribución, etc. | Bogotá: |
| Nombre del editor, distribuidor, etc. | Cenicafe, |
| Fecha de publicación, distribución, etc. | 2013. |
| 300 ## - DESCRIPCION FISICA | |
| Extensión | 3 tomos |
| Otros detalles físicos | fotografías, mapas, gráficas |
| Dimensiones | 28 x 21 |
| 650 14 - ASIENTO SECUNDARIO DE MATERIA - TERMINO TEMATICO | |
| Término temático o nombre geográfico como elemento de entrada | Cafe |
| Subdivisión de forma | Investigación |
| 9 (RLIN) | 83632 |
| 650 14 - ASIENTO SECUNDARIO DE MATERIA - TERMINO TEMATICO | |
| Término temático o nombre geográfico como elemento de entrada | Factores climáticos |
| Subdivisión de forma | Suelos |
| 9 (RLIN) | 83633 |
| 650 14 - ASIENTO SECUNDARIO DE MATERIA - TERMINO TEMATICO | |
| Término temático o nombre geográfico como elemento de entrada | Cafe |
| Subdivisión de forma | Taxonomía |
| 9 (RLIN) | 83634 |
| 650 14 - ASIENTO SECUNDARIO DE MATERIA - TERMINO TEMATICO | |
| Término temático o nombre geográfico como elemento de entrada | Cafe |
| Subdivisión de forma | Clasificación |
| 9 (RLIN) | 83635 |
| 650 14 - ASIENTO SECUNDARIO DE MATERIA - TERMINO TEMATICO | |
| Término temático o nombre geográfico como elemento de entrada | Planta de cafe |
| Subdivisión de forma | Estructura |
| Subdivisión general | Funcionamiento |
| 9 (RLIN) | 83636 |
| 650 14 - ASIENTO SECUNDARIO DE MATERIA - TERMINO TEMATICO | |
| Término temático o nombre geográfico como elemento de entrada | Conservación |
| Subdivisión de forma | Recursos naturales |
| 9 (RLIN) | 83637 |
| 650 14 - ASIENTO SECUNDARIO DE MATERIA - TERMINO TEMATICO | |
| Término temático o nombre geográfico como elemento de entrada | Recurso Hidrico |
| Subdivisión general | Conservación |
| 9 (RLIN) | 83638 |
| 650 14 - ASIENTO SECUNDARIO DE MATERIA - TERMINO TEMATICO | |
| Término temático o nombre geográfico como elemento de entrada | Germinadores y almacijos |
| 9 (RLIN) | 83639 |
| 650 14 - ASIENTO SECUNDARIO DE MATERIA - TERMINO TEMATICO | |
| Término temático o nombre geográfico como elemento de entrada | Cultivo |
| 9 (RLIN) | 83640 |
| 650 14 - ASIENTO SECUNDARIO DE MATERIA - TERMINO TEMATICO | |
| Término temático o nombre geográfico como elemento de entrada | Plagas |
| Subdivisión general | Manejo |
| 9 (RLIN) | 83641 |
| 650 14 - ASIENTO SECUNDARIO DE MATERIA - TERMINO TEMATICO | |
| Término temático o nombre geográfico como elemento de entrada | Cafe |
| Subdivisión de forma | Cosecha |
| 9 (RLIN) | 83642 |
| 650 14 - ASIENTO SECUNDARIO DE MATERIA - TERMINO TEMATICO | |
| Término temático o nombre geográfico como elemento de entrada | Cafe |
| Subdivisión de forma | Postcosecha y subproductos |
| 9 (RLIN) | 83643 |
| 650 14 - ASIENTO SECUNDARIO DE MATERIA - TERMINO TEMATICO | |
| Término temático o nombre geográfico como elemento de entrada | Zonas cafeteras |
| Subdivisión general | Conservación |
| 9 (RLIN) | 83644 |
| 650 14 - ASIENTO SECUNDARIO DE MATERIA - TERMINO TEMATICO | |
| Término temático o nombre geográfico como elemento de entrada | Cafe |
| Subdivisión de forma | criterios de sostenibilidad |
| 9 (RLIN) | 83645 |
| 650 14 - ASIENTO SECUNDARIO DE MATERIA - TERMINO TEMATICO | |
| Término temático o nombre geográfico como elemento de entrada | Caficultura |
| Subdivisión de forma | Retos |
| 9 (RLIN) | 83646 |
| 710 ## - ASIENTO SECUNDARIO - NOMBRE CORPORATIVO | |
| Nombre corporativo o de jurisdicción como elemento de entrada | Federación Nacional de Cafeteros de Colombia |
| 9 (RLIN) | 19373 |
| 942 ## - ELEMENTOS ADICIONALES (KOHA) | |
| Sistema de clasificación | Dewey Decimal Classification |
| Tipo de ítem | Libro |
| Withdrawn status | Lost status | Sistema de Clasificación | Damaged status | No para préstamo | Colección | Inventariado | Ubicación Permanente | Ubicación actual | Fecha de adquisición | Fuente de Valor | Valor | Total Checkouts | Número topográfico | Inventario / Código de Barras | Date last seen | Ejemplar | Price effective from | Forma de adquisición | Tipo de material |
|---|---|---|---|---|---|---|---|---|---|---|---|---|---|---|---|---|---|---|---|
| Dewey Decimal Classification | General | Inventariado 2017 | Bogotá | Bogotá | 29/08/2017 | Instituto | 39000.00 | LB-633.73 C39m | 042836 | 29/08/2017 | V.1 Ej.1 | 29/08/2017 | Donación | Libro | |||||
| Dewey Decimal Classification | General | Inventariado 2017 | Bogotá | Bogotá | 29/08/2017 | Instituto | 39000.00 | LB-633.73 C39m | 042798 | 29/08/2017 | V.2 Ej. 1 | 29/08/2017 | Donación | Libro | |||||
| Dewey Decimal Classification | General | Inventariado 2017 | Bogotá | Bogotá | 29/08/2017 | Instituto | 39000.00 | LB-633.73 C39m | 042799 | 29/08/2017 | V.3 Ej. 1 | 29/08/2017 | Donación | Libro |